00510nam a2200193 a 4500001001300000003000900013005001700022008004100039020001000080082001600090100001800106245005900124260004100183300000900224500003500233505001000268650002000278700001800298nice12345678IN_TiNIC20260116013935.0050524s1994 kuaa grp 000 0 eng  ac19000a297.2bWAD1 aWaddy, Charis aIslamb a Comprehensive Study By a Professed Christian aKualalampurbS a Majeed and Coc1994 a218p aincludes index and biblioraphy2 aindex aIslam-Doctrines1 aWaddy, Charis